Canadian Provinces to US States - Statistics

General Stats
  • This quiz has been taken 15 times
  • The average score is 10 of 15
Answer Stats
Province State % Difference % Correct
Yukon California 12.12%
100%
Nunavut Alaska 17.67%
92%
Saskatchewan Montana 7.98%
92%
Ontario Texas 35.37%
92%
Newfoundland and Labrador Wyoming -7.88%
83%
Manitoba Hawaii 3.30%
67%
Prince Edward Island Delaware -13.89%
58%
British Columbia Minnesota -1.62%
58%
Alberta Alabama -5.33%
50%
Ontario Pennsylvania 18.97%
50%
Nova Scotia Rhode Island -2.18%
50%
Nova Scotia West Virginia -13.52%
50%
Quebec New Jersey -2.88%
42%
New Brunswick North Dakota 7.87%
42%
New Brunswick South Carolina -13.75%
42%
No matching quizzes found
Score Distribution
Percent of People with Each Score
Percentile by Number Answered
Your Score History
You have not taken this quiz